[Event "DVM U16w 2024"]
[Site "Neumünster GER"]
[Date "2024.12.28"]
[Round "3"]
[White "Göb, Franziska"]
[Black "Petrosyan, Ani"]
[Result "0-1"]
[Termination "normal"]
[Board "4.2"]
[WhiteElo "1573"]
[BlackElo "1683"]
[WhiteClock "00:23:12"]
[BlackClock "01:05:10"]
[WhiteTeam "SG Porz"]
[BlackTeam "TuRa Harksheide 1945 Norderstedt"]
[PlyCount "124"]
[WhiteFideId "16293177"]
[BlackFideId "16248015"]
[EventCountry "GER"]
[EventRounds "7"]
[EventType "team-swiss"]
[EventDate "2024.12.26"]

1. e4 {[%clk 01:30:58]} c6 {[%clk 01:30:48]} {[%emt 00:00:13]} 2. Nf3 {[%clk
01:31:22]} {[%emt 00:00:06]} d5 {[%clk 01:31:13]} {[%emt 00:00:06]} 3. d3
{[%clk 01:31:47]} {[%emt 00:00:04]} Bg4 {[%clk 01:31:04]} {[%emt 00:00:38]} 4.
h3 {[%clk 01:31:33]} {[%emt 00:00:44]} Bh5 {[%clk 01:30:57]} {[%emt 00:00:38]}
5. Be2 {[%clk 01:23:31]} {[%emt 00:08:31]} e6 {[%clk 01:30:37]} {[%emt
00:00:51]} 6. Nbd2 {[%clk 01:18:25]} {[%emt 00:05:36]} Be7 {[%clk 01:27:21]}
{[%emt 00:03:46]} 7. O-O {[%clk 01:15:01]} {[%emt 00:03:54]} Nf6 {[%clk
01:27:15]} {[%emt 00:00:36]} 8. Re1 {[%clk 01:06:42]} {[%emt 00:08:48]} O-O
{[%clk 01:24:35]} {[%emt 00:03:08]} 9. Ne5 {[%clk 00:58:35]} {[%emt 00:08:39]}
Bxe2 {[%clk 01:22:21]} {[%emt 00:02:44]} 10. Qxe2 {[%clk 00:58:14]} {[%emt
00:00:52]} Qc7 {[%clk 01:21:58]} {[%emt 00:00:53]} 11. Ng4 {[%clk 00:56:47]}
{[%emt 00:01:56]} Nbd7 {[%clk 01:21:30]} {[%emt 00:00:58]} 12. Nf1 {[%clk
00:55:37]} {[%emt 00:01:40]} Nxg4 {[%clk 01:16:25]} {[%emt 00:05:35]} 13. Qxg4
{[%clk 00:54:41]} {[%emt 00:01:27]} Nf6 {[%clk 01:16:37]} {[%emt 00:00:18]} 14.
Qf3 {[%clk 00:49:55]} {[%emt 00:05:15]} dxe4 {[%clk 01:15:42]} {[%emt
00:01:26]} 15. dxe4 {[%clk 00:47:59]} {[%emt 00:02:26]} Rfd8 {[%clk 01:15:20]}
{[%emt 00:00:51]} 16. Bf4 {[%clk 00:44:14]} {[%emt 00:04:14]} Qb6 {[%clk
01:14:49]} {[%emt 00:01:02]} 17. Rab1 {[%clk 00:40:34]} {[%emt 00:04:10]} Rd7
{[%clk 01:14:08]} {[%emt 00:01:12]} 18. Ng3 {[%clk 00:32:57]} {[%emt 00:08:07]}
Rad8 {[%clk 01:11:19]} {[%emt 00:03:19]} 19. Be3 {[%clk 00:29:58]} {[%emt
00:03:28]} Qa5 {[%clk 01:08:17]} {[%emt 00:03:32]} 20. a3 {[%clk 00:27:58]}
{[%emt 00:02:29]} Qb5 {[%clk 01:06:24]} {[%emt 00:02:24]} 21. Bf4 {[%clk
00:24:55]} {[%emt 00:03:31]} Qc4 {[%clk 01:01:53]} {[%emt 00:05:03]} 22. Rbc1
{[%clk 00:22:28]} {[%emt 00:02:57]} Ne8 {[%clk 00:47:23]} {[%emt 00:15:00]} 23.
Qe2 {[%clk 00:14:56]} {[%emt 00:08:01]} Nd6 {[%clk 00:41:07]} {[%emt 00:06:48]}
24. Bxd6 {[%clk 00:09:25]} {[%emt 00:06:01]} Qxe2 {[%clk 00:40:46]} {[%emt
00:00:49]} 25. Nxe2 {[%clk 00:09:17]} {[%emt 00:00:39]} Rxd6 {[%clk 00:41:04]}
{[%emt 00:00:12]} 26. Nc3 {[%clk 00:08:53]} {[%emt 00:00:54]} Bg5 {[%clk
00:40:12]} {[%emt 00:01:23]} 27. Rcd1 {[%clk 00:07:26]} {[%emt 00:01:56]} Bd2
{[%clk 00:38:11]} {[%emt 00:02:31]} 28. Re2 {[%clk 00:05:31]} {[%emt 00:02:26]}
Bxc3 {[%clk 00:38:07]} {[%emt 00:00:34]} 29. Rxd6 {[%clk 00:05:52]} {[%emt
00:00:09]} Rxd6 {[%clk 00:38:25]} {[%emt 00:00:11]} 30. bxc3 {[%clk 00:06:15]}
{[%emt 00:00:07]} Rd1+ {[%clk 00:38:46]} {[%emt 00:00:10]} 31. Kh2 {[%clk
00:06:39]} {[%emt 00:00:06]} Kf8 {[%clk 00:39:09]} {[%emt 00:00:06]} 32. c4
{[%clk 00:04:11]} {[%emt 00:02:58]} Rd4 {[%clk 00:36:27]} {[%emt 00:03:12]} 33.
f3 {[%clk 00:02:14]} {[%emt 00:02:27]} Rxc4 {[%clk 00:36:45]} {[%emt 00:00:13]}
34. Rd2 {[%clk 00:02:34]} {[%emt 00:00:10]} Ke7 {[%clk 00:37:10]} {[%emt
00:00:05]} 35. Kg3 {[%clk 00:02:45]} {[%emt 00:00:19]} Rc3 {[%clk 00:37:21]}
{[%emt 00:00:18]} 36. a4 {[%clk 00:02:05]} {[%emt 00:01:11]} Rc4 {[%clk
00:37:29]} {[%emt 00:00:22]} 37. Kf4 {[%clk 00:02:20]} {[%emt 00:00:14]} Rxa4
{[%clk 00:37:49]} {[%emt 00:00:10]} 38. Ke3 {[%clk 00:02:39]} {[%emt 00:00:10]}
Rc4 {[%clk 00:37:51]} {[%emt 00:00:29]} 39. Kd3 {[%clk 00:02:57]} {[%emt
00:00:12]} b5 {[%clk 00:38:15]} {[%emt 00:00:06]} 40. c3 {[%clk 00:03:14]}
{[%emt 00:00:13]} a5 {[%clk 00:37:11]} {[%emt 00:01:34]} 41. Ra2 {[%clk
00:02:14]} {[%emt 00:01:30]} a4 {[%clk 00:37:36]} {[%emt 00:00:06]} 42. Ra1
{[%clk 00:00:43]} {[%emt 00:02:01]} Kd6 {[%clk 00:36:55]} {[%emt 00:01:11]} 43.
Ra2 {[%clk 00:28:10]} {[%emt 00:03:02]} Kc7 {[%clk 01:05:17]} {[%emt 00:02:09]}
44. Ra1 {[%clk 00:26:33]} {[%emt 00:02:07]} Kb6 {[%clk 01:05:29]} {[%emt
00:00:17]} 45. Ra2 {[%clk 00:26:24]} {[%emt 00:00:39]} Rc5 {[%clk 01:05:16]}
{[%emt 00:00:42]} 46. f4 {[%clk 00:22:10]} {[%emt 00:04:46]} f5 {[%clk
01:04:58]} {[%emt 00:00:47]} 47. exf5 {[%clk 00:21:21]} {[%emt 00:01:19]} Rd5+
{[%clk 01:04:52]} {[%emt 00:00:36]} 48. Kc2 {[%clk 00:21:11]} {[%emt 00:00:39]}
exf5 {[%clk 01:05:16]} {[%emt 00:00:07]} 49. Ra1 {[%clk 00:21:22]} {[%emt
00:00:19]} c5 {[%clk 01:04:41]} {[%emt 00:01:05]} 50. Re1 {[%clk 00:21:28]}
{[%emt 00:00:23]} b4 {[%clk 01:04:38]} {[%emt 00:00:35]} 51. Re6+ {[%clk
00:21:29]} {[%emt 00:00:29]} Kb5 {[%clk 01:04:53]} {[%emt 00:00:15]} 52. cxb4
{[%clk 00:20:46]} {[%emt 00:01:12]} cxb4 {[%clk 01:05:10]} {[%emt 00:00:14]}
53. Re8 {[%clk 00:21:09]} {[%emt 00:00:06]} b3+ {[%clk 01:05:06]} {[%emt
00:00:34]} 54. Kc3 {[%clk 00:20:58]} {[%emt 00:00:41]} Rc5+ {[%clk 01:04:26]}
{[%emt 00:01:10]} 55. Kb2 {[%clk 00:21:13]} {[%emt 00:00:15]} Kb4 {[%clk
01:04:20]} {[%emt 00:00:33]} 56. Rb8+ {[%clk 00:21:30]} {[%emt 00:00:16]} Rb5
{[%clk 01:04:09]} {[%emt 00:00:42]} 57. Ra8 {[%clk 00:21:31]} {[%emt 00:00:28]}
Ra5 {[%clk 01:03:55]} {[%emt 00:00:45]} 58. Rb8+ {[%clk 00:21:52]} {[%emt
00:00:08]} Kc5 {[%clk 01:04:00]} {[%emt 00:00:25]} 59. Rc8+ {[%clk 00:22:05]}
{[%emt 00:00:18]} Kd4 {[%clk 01:03:55]} {[%emt 00:00:35]} 60. Rd8+ {[%clk
00:22:23]} {[%emt 00:00:11]} Ke4 {[%clk 01:04:20]} {[%emt 00:00:05]} 61. g3
{[%clk 00:22:31]} {[%emt 00:00:23]} a3+ {[%clk 01:04:48]} {[%emt 00:00:33]} 62.
Kxb3 {[%clk 00:23:12]} {[%emt 00:00:17]} a2 {[%clk 01:05:10]} {[%emt 00:00:09]}
0-1

[Event "DVM U16w 2024"]
[Site "Neumünster GER"]
[Date "2024.12.28"]
[Round "3"]
[White "Striebeck, Liv"]
[Black "Siegel, Irene"]
[Result "0-1"]
[Termination "normal"]
[Board "4.3"]
[WhiteElo "1448"]
[BlackElo "1612"]
[WhiteClock "00:42:01"]
[BlackClock "00:59:48"]
[WhiteTeam "TuRa Harksheide 1945 Norderstedt"]
[BlackTeam "SG Porz"]
[PlyCount "104"]
[WhiteFideId "16275438"]
[BlackFideId "16284380"]
[EventCountry "GER"]
[EventRounds "7"]
[EventType "team-swiss"]
[EventDate "2024.12.26"]

1. e4 {[%clk 01:30:58]} {[%emt 00:00:01]} Nf6 {[%clk 01:30:53]} {[%emt
00:00:08]} 2. Nc3 {[%clk 01:31:22]} {[%emt 00:00:06]} e5 {[%clk 01:26:51]}
{[%emt 00:04:32]} 3. Nf3 {[%clk 01:31:42]} {[%emt 00:00:09]} Nc6 {[%clk
01:25:51]} {[%emt 00:01:30]} 4. Bc4 {[%clk 01:31:20]} {[%emt 00:00:52]} Nxe4
{[%clk 01:24:24]} {[%emt 00:01:58]} 5. Nxe4 {[%clk 01:30:55]} {[%emt 00:00:54]}
d5 {[%clk 01:24:47]} {[%emt 00:00:07]} 6. Bxd5 {[%clk 01:30:00]} {[%emt
00:01:25]} Qxd5 {[%clk 01:25:11]} {[%emt 00:00:06]} 7. d3 {[%clk 01:29:58]}
{[%emt 00:00:32]} Bg4 {[%clk 01:24:54]} {[%emt 00:00:47]} 8. h3 {[%clk
01:28:15]} {[%emt 00:02:13]} Bh5 {[%clk 01:22:43]} {[%emt 00:02:40]} 9. Nc3
{[%clk 01:26:44]} {[%emt 00:02:02]} Qd7 {[%clk 01:22:49]} {[%emt 00:00:23]} 10.
g4 {[%clk 01:24:31]} {[%emt 00:02:44]} Bg6 {[%clk 01:22:05]} {[%emt 00:01:13]}
11. Qe2 {[%clk 01:24:26]} {[%emt 00:00:36]} f6 {[%clk 01:21:06]} {[%emt
00:01:30]} 12. Bd2 {[%clk 01:24:24]} {[%emt 00:00:30]} Bc5 {[%clk 01:18:20]}
{[%emt 00:03:17]} 13. O-O-O {[%clk 01:23:13]} {[%emt 00:01:41]} O-O-O {[%clk
01:18:13]} {[%emt 00:00:37]} 14. Rhe1 {[%clk 01:23:02]} {[%emt 00:00:41]} Nb4
{[%clk 01:13:51]} {[%emt 00:04:52]} 15. Kb1 {[%clk 01:19:39]} {[%emt 00:03:53]}
Qc6 {[%clk 01:10:34]} {[%emt 00:03:44]} 16. Be3 {[%clk 01:16:58]} {[%emt
00:03:13]} Bxe3 {[%clk 01:04:58]} {[%emt 00:06:07]} 17. Qxe3 {[%clk 01:16:22]}
{[%emt 00:01:05]} Kb8 {[%clk 01:04:43]} {[%emt 00:00:46]} 18. a3 {[%clk
01:15:41]} {[%emt 00:01:12]} Nd5 {[%clk 01:02:56]} {[%emt 00:02:16]} 19. Qd2
{[%clk 01:12:38]} {[%emt 00:03:31]} Nxc3+ {[%clk 01:03:15]} {[%emt 00:00:13]}
20. Qxc3 {[%clk 01:12:22]} {[%emt 00:00:46]} Qxf3 {[%clk 01:03:29]} {[%emt
00:00:16]} 21. Rh1 {[%clk 01:06:44]} {[%emt 00:06:07]} Qxf2 {[%clk 01:03:23]}
{[%emt 00:00:37]} 22. h4 {[%clk 01:02:46]} {[%emt 00:04:27]} Qd4 {[%clk
01:03:01]} {[%emt 00:00:52]} 23. Qxd4 {[%clk 01:00:56]} {[%emt 00:02:20]} Rxd4
{[%clk 01:03:20]} {[%emt 00:00:11]} 24. Rhg1 {[%clk 00:57:34]} {[%emt
00:03:51]} a6 {[%clk 01:03:01]} {[%emt 00:00:50]} 25. h5 {[%clk 00:56:35]}
{[%emt 00:01:29]} Bf7 {[%clk 01:02:38]} {[%emt 00:00:48]} 26. Kc1 {[%clk
00:52:14]} {[%emt 00:04:56]} h6 {[%clk 01:00:35]} {[%emt 00:02:33]} 27. Rde1
{[%clk 00:49:59]} {[%emt 00:02:45]} Re8 {[%clk 00:58:14]} {[%emt 00:02:51]} 28.
Re2 {[%clk 00:46:13]} {[%emt 00:04:17]} Bd5 {[%clk 00:57:07]} {[%emt 00:01:34]}
29. Rf2 {[%clk 00:45:36]} {[%emt 00:01:09]} Rf4 {[%clk 00:56:05]} {[%emt
00:01:31]} 30. Rxf4 {[%clk 00:42:31]} {[%emt 00:03:36]} exf4 {[%clk 00:56:29]}
{[%emt 00:00:06]} 31. Rf1 {[%clk 00:42:40]} {[%emt 00:00:20]} f3 {[%clk
00:56:39]} {[%emt 00:00:22]} 32. Kd2 {[%clk 00:42:36]} {[%emt 00:00:33]} Re2+
{[%clk 00:56:45]} {[%emt 00:00:24]} 33. Kd1 {[%clk 00:42:53]} {[%emt 00:00:11]}
Rg2 {[%clk 00:56:15]} {[%emt 00:01:03]} 34. Ke1 {[%clk 00:42:28]} {[%emt
00:00:55]} Rxg4 {[%clk 00:56:22]} {[%emt 00:00:23]} 35. Rf2 {[%clk 00:41:23]}
{[%emt 00:01:31]} Rg1+ {[%clk 00:56:30]} {[%emt 00:00:25]} 36. Kd2 {[%clk
00:41:34]} {[%emt 00:00:19]} Rg2 {[%clk 00:56:55]} {[%emt 00:00:05]} 37. Ke3
{[%clk 00:41:44]} {[%emt 00:00:20]} Rxf2 {[%clk 00:56:56]} {[%emt 00:00:29]}
38. Kxf2 {[%clk 00:42:08]} {[%emt 00:00:06]} Bf7 {[%clk 00:57:12]} {[%emt
00:00:15]} 39. Kxf3 {[%clk 00:42:28]} {[%emt 00:00:09]} Bxh5+ {[%clk 00:57:35]}
{[%emt 00:00:07]} 40. Kf4 {[%clk 00:42:51]} {[%emt 00:00:07]} Bg6 {[%clk
00:57:38]} {[%emt 00:00:27]} 41. Ke3 {[%clk 00:41:55]} {[%emt 00:01:26]} Kc8
{[%clk 00:57:32]} {[%emt 00:00:36]} 42. c3 {[%clk 00:42:17]} {[%emt 00:00:09]}
Bf5 {[%clk 00:57:05]} {[%emt 00:00:56]} 43. d4 {[%clk 00:42:30]} {[%emt
00:00:18]} h5 {[%clk 00:57:07]} {[%emt 00:00:28]} 44. Kf4 {[%clk 00:42:46]}
{[%emt 00:00:13]} g6 {[%clk 00:57:29]} {[%emt 00:00:09]} 45. Kg3 {[%clk
00:41:46]} {[%emt 00:01:30]} g5 {[%clk 00:57:49]} {[%emt 00:00:10]} 46. Kf3
{[%clk 00:41:54]} {[%emt 00:00:22]} h4 {[%clk 00:58:06]} {[%emt 00:00:13]} 47.
Kg2 {[%clk 00:42:05]} {[%emt 00:00:18]} g4 {[%clk 00:58:26]} {[%emt 00:00:11]}
48. b4 {[%clk 00:41:38]} {[%emt 00:00:57]} Be4+ {[%clk 00:58:36]} {[%emt
00:00:20]} 49. Kh2 {[%clk 00:41:58]} {[%emt 00:00:09]} g3+ {[%clk 00:58:54]}
{[%emt 00:00:13]} 50. Kg1 {[%clk 00:42:18]} {[%emt 00:00:09]} h3 {[%clk
00:59:19]} {[%emt 00:00:05]} 51. Kf1 {[%clk 00:41:51]} {[%emt 00:00:57]} h2
{[%clk 00:59:42]} {[%emt 00:00:07]} 52. Ke2 {[%clk 00:42:01]} {[%emt 00:00:20]}
h1=Q {[%clk 00:59:48]} {[%emt 00:00:24]} 0-1

[Event "DVM U16w 2024"]
[Site "Neumünster GER"]
[Date "2024.12.28"]
[Round "3"]
[White "Daaboul, Dima"]
[Black "Borck, Elena"]
[Result "1-0"]
[Termination "normal"]
[Board "4.4"]
[WhiteElo "1135"]
[BlackElo "1035"]
[WhiteClock "00:13:06"]
[BlackClock "00:01:14"]
[WhiteTeam "SG Porz"]
[BlackTeam "TuRa Harksheide 1945 Norderstedt"]
[PlyCount "107"]
[WhiteFideId "34619720"]
[BlackFideId "16275446"]
[EventCountry "GER"]
[EventRounds "7"]
[EventType "team-swiss"]
[EventDate "2024.12.26"]

1. e4 {[%clk 01:30:56]} {[%emt 00:00:02]} e5 {[%clk 01:30:54]} {[%emt
00:00:07]} 2. Nf3 {[%clk 01:31:12]} {[%emt 00:00:14]} Nc6 {[%clk 01:31:15]}
{[%emt 00:00:10]} 3. Bc4 {[%clk 01:31:24]} {[%emt 00:00:17]} Bc5 {[%clk
01:31:17]} {[%emt 00:00:28]} 4. Nc3 {[%clk 01:31:16]} {[%emt 00:00:38]} Nf6
{[%clk 01:31:39]} {[%emt 00:00:09]} 5. d3 {[%clk 01:31:03]} {[%emt 00:00:42]}
d6 {[%clk 01:31:33]} {[%emt 00:00:36]} 6. h3 {[%clk 01:30:16]} {[%emt
00:01:17]} h6 {[%clk 01:29:35]} {[%emt 00:02:28]} 7. O-O {[%clk 01:29:42]}
{[%emt 00:01:04]} O-O {[%clk 01:28:40]} {[%emt 00:01:25]} 8. Be3 {[%clk
01:27:09]} {[%emt 00:03:03]} Bb6 {[%clk 01:27:38]} {[%emt 00:01:32]} 9. Nd5
{[%clk 01:18:16]} {[%emt 00:09:23]} Nxd5 {[%clk 01:14:13]} {[%emt 00:13:56]}
10. Bxd5 {[%clk 01:17:17]} {[%emt 00:01:28]} Be6 {[%clk 01:01:02]} {[%emt
00:13:41]} 11. Qd2 {[%clk 00:55:28]} {[%emt 00:22:19]} Qf6 {[%clk 00:26:12]}
{[%emt 00:35:20]} 12. Qc3 {[%clk 00:50:24]} {[%emt 00:05:33]} Bxd5 {[%clk
00:24:30]} {[%emt 00:02:13]} 13. exd5 {[%clk 00:49:15]} {[%emt 00:01:39]} Nd4
{[%clk 00:24:00]} {[%emt 00:01:00]} 14. Bxd4 {[%clk 00:42:04]} {[%emt
00:07:41]} exd4 {[%clk 00:23:40]} {[%emt 00:00:51]} 15. Qb4 {[%clk 00:35:05]}
{[%emt 00:07:28]} Rab8 {[%clk 00:13:39]} {[%emt 00:10:30]} 16. Rfe1 {[%clk
00:30:30]} {[%emt 00:05:05]} c5 {[%clk 00:08:38]} {[%emt 00:05:32]} 17. Qa4
{[%clk 00:26:05]} {[%emt 00:04:55]} Qd8 {[%clk 00:04:09]} {[%emt 00:04:59]} 18.
Re2 {[%clk 00:22:01]} {[%emt 00:04:32]} Ba5 {[%clk 00:01:42]} {[%emt 00:02:59]}
19. a3 {[%clk 00:15:16]} {[%emt 00:07:15]} b5 {[%clk 00:01:51]} {[%emt
00:00:21]} 20. Qb3 {[%clk 00:14:05]} {[%emt 00:01:40]} Re8 {[%clk 00:00:42]}
{[%emt 00:01:40]} 21. Rxe8+ {[%clk 00:11:57]} {[%emt 00:02:38]} Qxe8 {[%clk
00:01:04]} {[%emt 00:00:08]} 22. Rb1 {[%clk 00:08:51]} {[%emt 00:03:36]} a6
{[%clk 00:00:46]} {[%emt 00:00:49]} 23. Qa2 {[%clk 00:07:54]} {[%emt 00:01:25]}
Qe7 {[%clk 00:00:58]} {[%emt 00:00:19]} 24. b4 {[%clk 00:07:23]} {[%emt
00:01:01]} Bc7 {[%clk 00:01:10]} {[%emt 00:00:18]} 25. Re1 {[%clk 00:07:02]}
{[%emt 00:00:50]} Qf6 {[%clk 00:01:20]} {[%emt 00:00:21]} 26. Qa1 {[%clk
00:05:40]} {[%emt 00:01:52]} Kf8 {[%clk 00:01:14]} {[%emt 00:00:36]} 27. bxc5
{[%clk 00:03:08]} {[%emt 00:03:02]} dxc5 {[%clk 00:01:42]} {[%emt 00:00:02]}
28. a4 {[%clk 00:03:14]} {[%emt 00:00:24]} g5 {[%clk 00:01:22]} {[%emt
00:00:50]} 29. Qa3 {[%clk 00:02:26]} {[%emt 00:01:17]} Bd6 {[%clk 00:01:14]}
{[%emt 00:00:39]} 30. axb5 {[%clk 00:02:21]} {[%emt 00:00:36]} axb5 {[%clk
00:01:31]} {[%emt 00:00:13]} 31. Qa6 {[%clk 00:02:32]} {[%emt 00:00:17]} Be7
{[%clk 00:00:44]} {[%emt 00:01:18]} 32. Qa7 {[%clk 00:02:13]} {[%emt 00:00:49]}
Re8 {[%clk 00:00:50]} {[%emt 00:00:24]} 33. Qd7 {[%clk 00:01:47]} {[%emt
00:00:53]} b4 {[%clk 00:00:40]} {[%emt 00:00:42]} 34. Qb5 {[%clk 00:01:25]}
{[%emt 00:00:52]} Qd6 {[%clk 00:00:39]} {[%emt 00:00:31]} 35. Re5 {[%clk
00:01:12]} {[%emt 00:00:43]} Rb8 {[%clk 00:00:33]} {[%emt 00:00:37]} 36. Qc4
{[%clk 00:00:55]} {[%emt 00:00:47]} Bf6 {[%clk 00:00:37]} {[%emt 00:00:26]} 37.
Re1 {[%clk 00:01:04]} {[%emt 00:00:20]} Re8 {[%clk 00:00:33]} {[%emt 00:00:35]}
38. Rxe8+ {[%clk 00:01:10]} {[%emt 00:00:24]} Kxe8 {[%clk 00:01:02]} {[%emt
00:00:01]} 39. Qb5+ {[%clk 00:01:31]} {[%emt 00:00:09]} Kf8 {[%clk 00:01:28]}
{[%emt 00:00:04]} 40. Qc4 {[%clk 00:01:09]} {[%emt 00:00:52]} Qf4 {[%clk
00:01:10]} {[%emt 00:00:48]} 41. Qxc5+ {[%clk 00:01:14]} {[%emt 00:00:25]} Kg7
{[%clk 00:01:18]} {[%emt 00:00:22]} 42. Qxb4 {[%clk 00:00:49]} {[%emt
00:00:54]} h5 {[%clk 00:01:18]} {[%emt 00:00:31]} 43. d6 {[%clk 00:29:52]}
{[%emt 00:01:26]} g4 {[%clk 00:31:08]} {[%emt 00:00:40]} 44. hxg4 {[%clk
00:29:04]} {[%emt 00:01:19]} hxg4 {[%clk 00:27:58]} {[%emt 00:03:40]} 45. Nd2
{[%clk 00:24:14]} {[%emt 00:05:20]} Be5 {[%clk 00:24:20]} {[%emt 00:04:08]} 46.
g3 {[%clk 00:22:54]} {[%emt 00:01:50]} Qh6 {[%clk 00:15:54]} {[%emt 00:08:56]}
47. d7 {[%clk 00:22:17]} {[%emt 00:01:07]} Bf6 {[%clk 00:14:56]} {[%emt
00:01:28]} 48. Kg2 {[%clk 00:19:34]} {[%emt 00:03:12]} Qh8 {[%clk 00:07:31]}
{[%emt 00:07:56]} 49. Ne4 {[%clk 00:13:32]} {[%emt 00:06:32]} Kg8 {[%clk
00:00:51]} {[%emt 00:07:09]} 50. Nxf6+ {[%clk 00:11:50]} {[%emt 00:02:13]} Qxf6
{[%clk 00:01:09]} {[%emt 00:00:12]} 51. Qb8+ {[%clk 00:12:11]} {[%emt
00:00:08]} Kg7 {[%clk 00:00:56]} {[%emt 00:00:43]} 52. d8=Q {[%clk 00:12:30]}
{[%emt 00:00:10]} Qxd8 {[%clk 00:00:52]} {[%emt 00:00:35]} 53. Qxd8 {[%clk
00:12:54]} {[%emt 00:00:07]} Kg6 {[%clk 00:01:14]} {[%emt 00:00:08]} 54. Qe7
{[%clk 00:13:06]} {[%emt 00:00:17]} 1-0

[Event "DVM U16w 2024"]
[Site "Neumünster GER"]
[Date "2024.12.28"]
[Round "3"]
[White "Averkova, Mariia"]
[Black "Stepanjan, Tatevik Mia"]
[Result "1/2-1/2"]
[Termination "normal"]
[Board "5.1"]
[WhiteElo "1765"]
[BlackElo "1572"]
[WhiteClock "00:16:45"]
[BlackClock "00:24:57"]
[WhiteTeam "FC Bayern München"]
[BlackTeam "Elmshorner SC 1896"]
[PlyCount "94"]
[WhiteFideId "34651470"]
[BlackFideId "16246128"]
[EventCountry "GER"]
[EventRounds "7"]
[EventType "team-swiss"]
[EventDate "2024.12.26"]

1. Nf3 {[%clk 01:30:52]} {[%emt 00:00:07]} d5 {[%clk 01:30:40]} {[%emt
00:00:20]} 2. d4 {[%clk 01:29:39]} {[%emt 00:01:42]} Nf6 {[%clk 01:30:23]}
{[%emt 00:00:47]} 3. e3 {[%clk 01:29:53]} {[%emt 00:00:17]} Bf5 {[%clk
01:29:22]} {[%emt 00:01:31]} 4. b3 {[%clk 01:29:01]} {[%emt 00:01:21]} e6
{[%clk 01:29:30]} {[%emt 00:00:23]} 5. a3 {[%clk 01:29:26]} {[%emt 00:00:05]}
c5 {[%clk 01:29:29]} {[%emt 00:00:31]} 6. Bb2 {[%clk 01:27:22]} {[%emt
00:02:34]} Nc6 {[%clk 01:29:32]} {[%emt 00:00:27]} 7. c4 {[%clk 01:24:36]}
{[%emt 00:03:16]} Be7 {[%clk 01:26:39]} {[%emt 00:03:23]} 8. dxc5 {[%clk
01:15:57]} {[%emt 00:09:09]} Bxc5 {[%clk 01:24:51]} {[%emt 00:02:18]} 9. b4
{[%clk 01:12:14]} {[%emt 00:04:13]} Be7 {[%clk 01:23:36]} {[%emt 00:01:45]} 10.
Nbd2 {[%clk 01:02:49]} {[%emt 00:09:56]} O-O {[%clk 01:22:24]} {[%emt
00:01:41]} 11. Be2 {[%clk 00:58:53]} {[%emt 00:04:26]} Ne4 {[%clk 01:19:32]}
{[%emt 00:03:23]} 12. O-O {[%clk 00:54:06]} {[%emt 00:05:16]} Rc8 {[%clk
01:12:55]} {[%emt 00:07:07]} 13. Rc1 {[%clk 00:47:16]} {[%emt 00:07:20]} Rc7
{[%clk 01:06:15]} {[%emt 00:07:09]} 14. cxd5 {[%clk 00:44:01]} {[%emt
00:03:46]} exd5 {[%clk 01:04:32]} {[%emt 00:02:12]} 15. Nb3 {[%clk 00:42:49]}
{[%emt 00:01:42]} Rd7 {[%clk 01:02:54]} {[%emt 00:02:09]} 16. Nbd4 {[%clk
00:42:18]} {[%emt 00:01:00]} Nxd4 {[%clk 01:00:47]} {[%emt 00:02:37]} 17. Nxd4
{[%clk 00:41:52]} {[%emt 00:00:56]} Bf6 {[%clk 00:59:14]} {[%emt 00:02:05]} 18.
Bb5 {[%clk 00:34:59]} {[%emt 00:07:21]} Rc7 {[%clk 00:46:45]} {[%emt 00:12:59]}
19. Qe2 {[%clk 00:32:06]} {[%emt 00:03:23]} Bxd4 {[%clk 00:40:55]} {[%emt
00:06:21]} 20. Bxd4 {[%clk 00:31:24]} {[%emt 00:01:11]} Rxc1 {[%clk 00:38:42]}
{[%emt 00:02:44]} 21. Rxc1 {[%clk 00:31:47]} {[%emt 00:00:06]} a6 {[%clk
00:38:48]} {[%emt 00:00:25]} 22. Ba4 {[%clk 00:29:47]} {[%emt 00:02:29]} Qb8
{[%clk 00:32:35]} {[%emt 00:06:43]} 23. Qb2 {[%clk 00:24:36]} {[%emt 00:05:42]}
f6 {[%clk 00:30:25]} {[%emt 00:02:40]} 24. Bb3 {[%clk 00:23:39]} {[%emt
00:01:26]} Be6 {[%clk 00:30:01]} {[%emt 00:00:54]} 25. Qa2 {[%clk 00:22:05]}
{[%emt 00:02:05]} Rd8 {[%clk 00:29:27]} {[%emt 00:01:01]} 26. f3 {[%clk
00:19:19]} {[%emt 00:03:19]} Ng5 {[%clk 00:29:08]} {[%emt 00:00:49]} 27. Rc5
{[%clk 00:17:29]} {[%emt 00:02:20]} b6 {[%clk 00:28:06]} {[%emt 00:01:32]} 28.
Rc6 {[%clk 00:16:52]} {[%emt 00:01:06]} Rd6 {[%clk 00:23:52]} {[%emt 00:04:45]}
29. Qc2 {[%clk 00:13:19]} {[%emt 00:04:03]} Bd7 {[%clk 00:20:59]} {[%emt
00:03:22]} 30. Rxd6 {[%clk 00:09:43]} {[%emt 00:04:06]} Qxd6 {[%clk 00:20:43]}
{[%emt 00:00:46]} 31. Qd3 {[%clk 00:09:56]} {[%emt 00:00:16]} Bb5 {[%clk
00:20:01]} {[%emt 00:01:13]} 32. Qc2 {[%clk 00:09:51]} {[%emt 00:00:36]} Bd7
{[%clk 00:18:08]} {[%emt 00:02:22]} 33. e4 {[%clk 00:09:57]} {[%emt 00:00:24]}
Be6 {[%clk 00:17:44]} {[%emt 00:00:55]} 34. exd5 {[%clk 00:09:04]} {[%emt
00:01:22]} b5 {[%clk 00:13:47]} {[%emt 00:04:27]} 35. Bc5 {[%clk 00:04:41]}
{[%emt 00:04:53]} Qe5 {[%clk 00:12:10]} {[%emt 00:02:07]} 36. Qd1 {[%clk
00:03:27]} {[%emt 00:01:42]} Bd7 {[%clk 00:07:16]} {[%emt 00:05:13]} 37. h3
{[%clk 00:02:26]} {[%emt 00:01:45]} Qg3 {[%clk 00:04:43]} {[%emt 00:03:02]} 38.
d6+ {[%clk 00:01:48]} {[%emt 00:01:09]} Ne6 {[%clk 00:01:56]} {[%emt 00:03:16]}
39. Qe2 {[%clk 00:01:43]} {[%emt 00:00:36]} Qe5 {[%clk 00:01:56]} {[%emt
00:00:29]} 40. Qxe5 {[%clk 00:01:36]} {[%emt 00:00:39]} fxe5 {[%clk 00:02:17]}
{[%emt 00:00:08]} 41. Bd5 {[%clk 00:01:02]} {[%emt 00:01:04]} Bc8 {[%clk
00:29:59]} {[%emt 00:02:43]} 42. Bc6 {[%clk 00:26:58]} {[%emt 00:04:38]} Nf8
{[%clk 00:30:04]} {[%emt 00:00:25]} 43. Bb6 {[%clk 00:26:53]} {[%emt 00:00:35]}
Nd7 {[%clk 00:29:31]} {[%emt 00:01:02]} 44. Bc5 {[%clk 00:25:31]} {[%emt
00:01:54]} Kf7 {[%clk 00:29:37]} {[%emt 00:00:22]} 45. Kf2 {[%clk 00:25:41]}
{[%emt 00:00:21]} Ke6 {[%clk 00:29:08]} {[%emt 00:00:58]} 46. g4 {[%clk
00:24:20]} {[%emt 00:01:53]} Nf6 {[%clk 00:27:16]} {[%emt 00:02:21]} 47. Ke3
{[%clk 00:16:45]} {[%emt 00:08:05]} g5 {[%clk 00:24:57]} {[%emt 00:02:49]}
1/2-1/2